Ergodic theory, symbolic dynamics, and hyperbolic spaces (Record no. 42326)

MARC details
000 -LEADER
fixed length control field 00687nam a2200193 a 4500
008 - FIXED-LENGTH DATA ELEMENTS--GENERAL INFORMATION
fixed length control field 120416s1991 ||||||||||||||||| || u
020 ## - INTERNATIONAL STANDARD BOOK NUMBER
International Standard Book Number 0198596855
050 ## - LIBRARY OF CONGRESS CALL NUMBER
Classification number QA 313 Erg
100 ## - MAIN ENTRY--PERSONAL NAME
Personal name Keane, Michael
245 10 - TITLE STATEMENT
Title Ergodic theory, symbolic dynamics, and hyperbolic spaces
Statement of responsibility, etc. edited by Tim Bedford
260 ## - PUBLICATION, DISTRIBUTION, ETC.
Place of publication, distribution, etc. Oxford:
Name of publisher, distributor, etc. The University Press
Date of publication, distribution, etc. 1991
350 ## - PRICE (NR) (BK AM CF MU VM SE) [OBSOLETE]
Price 0.00
650 ## - SUBJECT ADDED ENTRY--TOPICAL TERM
Topical term or geographic name entry element ERGODIC THEORY
650 ## - SUBJECT ADDED ENTRY--TOPICAL TERM
Topical term or geographic name entry element Geometry, Hyperbolic
650 ## - SUBJECT ADDED ENTRY--TOPICAL TERM
Topical term or geographic name entry element Symbolic dynamics
700 ## - ADDED ENTRY--PERSONAL NAME
Personal name Bedford, Tim
700 ## - ADDED ENTRY--PERSONAL NAME
Personal name Series, Caroline
995 ## - RECOMMENDATION 995 [LOCAL, UNIMARC FRANCE]
-- 0.00
-- CBU-MAIN LIBRARY (Kitwe)
-- 1
-- 14.50
-- 1
-- AVAILABLE
-- Annex Low-Usage Collection
Holdings
Withdrawn status Lost status Source of classification or shelving scheme Damaged status Not for loan Home library Current library Shelving location Date acquired Total Checkouts Full call number Barcode Date last seen Price effective from Koha item type
          CBU-MAIN LIBRARY, KITWE. CBU-MAIN LIBRARY, KITWE.   11/30/2022   QA 313 Erg 026281 11/30/2022 11/30/2022 MONOGRAPH